Estudos em homenagem ao professor Carlos Eduardo Japiass ︢

Detalles Bibliográficos
Autor principal: de Moraes Mello, Cleyson
Otros Autores: Martins, Vanderlei, de Brito Gueiros Souza, Artur
Formato: eBook
Lenguaje:portugués
Publicado: Rio de Janeiro: Editora Processo, 2019
Materias:
Acceso en línea:Acceso restringido

MARC

LEADER 00000nam a22000007a 4500
005 20220812014636.0
007 cr|||| ||||
008 220812s2019 br |||||s|||| 00||0 por d
020 |a 978-85-93741-71-5 
035 |a 36817 
040 |a vLex 
090 |c 13691  |d 13691 
100 1 |a de Moraes Mello, Cleyson 
245 1 0 |a Estudos em homenagem ao professor Carlos Eduardo Japiass ︢  |h [Recurso electrn̤ico] /  |c Cleyson de Moraes Mello, Vanderlei Martins, Artur de Brito Gueiros Souza 
256 |a Servicio en ln̕ea 
260 |a Rio de Janeiro:  |b Editora Processo,  |c 2019 
300 |a 1 recurso electrn̤ico 
500 |a O presente trabalho coletivo tem o objetivo de agraciar o ilustre professor Carlos Eduardo Japiass,︢ por sua brilhante trajetr̤ia profissional e acadm̊ica, marcada por sua imensa dedicaȯ̂ ao ambiente jurd̕ico e acadm̊ico, nacional e internacionalmente. Em razô de sua extensa contribuiȯ̂, sobretudo s̉ temt̀icas do direito penal e do direito penal internacional, torna-se imperiosa a elaboraȯ̂ de um ensaio que reflita a mais elevada estima ao professor Carlos Eduardo Japiass.︢ Portanto, a construȯ̂ deste Festchrift, como se denomina na ln̕gua alem,̂ advm̊ de toda a gratidô e reconhecimento de seus esforȯs por parte de colegas de atividades profissionais e docentes. 
506 1 |a Disponible solo en los productos indicados  |d vLex Global  |d vLex Global (Academic Edition, excluding Law Schools)  |d vLex Global (U.S. Academic Edition, Law Schools)  |d vLex Global (U.S. Academic Edition, excluding Law Schools)  |d vLex Global (Academic Edition, Law Schools) 
650 0 4 |a Humanidades  |z Brasil 
700 1 |a Martins, Vanderlei 
700 1 |a de Brito Gueiros Souza, Artur 
740 0 |a vLex Libros (Servicio en ln̕ea) 
856 4 0 |u https://app.vlex.com/#/sources/36817  |z Acceso restringido 
942 |c BOOK 
999 0 |a Humanities